LEADER 01328nam--2200385---450- 001 990002322280203316 005 20091210093459.0 035 $a000232228 035 $aUSA01000232228 035 $a(ALEPH)000232228USA01 035 $a000232228 100 $a20041230d1974----km-y0itay0103----ba 101 0 $aita 102 $aIT 105 $a||||||||001yy 200 1 $a<> triangolo industriale tra ricostruzione e lotta di classe 1945-1948$fParide Rugafiori, Salvatore Vento, Fabio Levi$gprefazione di Vittorio Foa 210 $aMilano$cFeltrinelli$d1974 215 $aXXVI, 308 p.$d23 cm 225 2 $a<> fatti e le idee$iSaggi e biografie$v272 410 0$12001$a<> fatti e le idee$iSaggi e biografie$v272 454 1$12001 461 1$1001-------$12001 700 1$aRUGAFIORI,$bParide$048788 701 1$aVENTO,$bSalvatore$048790 701 1$aLEVI,$bFabio$048789 702 1$aFOA,$bVittorio 801 0$aIT$bsalbc$gISBD 912 $a990002322280203316 951 $aXXX.A. Coll. 52/ 24 (Coll ES 272)$b35394 G.$cXXX.A. Coll. 52/ 24 (Coll ES)$d00249095 959 $aBK 969 $aGIU 979 $aSIAV5$b10$c20041230$lUSA01$h1612 979 $aRSIAV5$b90$c20091210$lUSA01$h0934 996 $aTriangolo industriale tra ricostruzione e lotta di classe 1945-1948$91069183 997 $aUNISA LEADER 02896oam 2200613I 450 001 9910797183703321 005 20230807215334.0 010 $a1-315-70624-5 010 $a1-317-47626-3 024 7 $a10.4324/9781315706245 035 $a(CKB)3710000000401883 035 $a(EBL)2010607 035 $a(SSID)ssj0001461905 035 $a(PQKBManifestationID)12558362 035 $a(PQKBTitleCode)TC0001461905 035 $a(PQKBWorkID)11478835 035 $a(PQKB)10368364 035 $a(MiAaPQ)EBC2010607 035 $a(Au-PeEL)EBL2010607 035 $a(CaPaEBR)ebr11042520 035 $a(CaONFJC)MIL767940 035 $a(OCoLC)923712484 035 $a(OCoLC)907525834 035 $a(EXLCZ)993710000000401883 100 $a20180706e20152003 uy 0 101 0 $aeng 135 $aur|n|---||||| 181 $ctxt 182 $cc 183 $acr 200 10$aAutomatic fiscal policies to combat recessions /$fLaurence S. Seidman 210 1$aAbingdon, Oxon :$cRoutledge,$d2015. 215 $a1 online resource (264 p.) 300 $aFirst published 2003 by M.E. Sharpe. 311 $a0-7656-1111-2 311 $a0-7656-1110-4 320 $aIncludes bibliographical references and index. 327 $apt. 1, 1. Fiscal policy to combat a severe recession ; 2. An automatic transfer (tax rebate) ; 3. An automatic temporary consumption tax cut ; 4. Fiscal discipline with NUBAR (Normal Unemployment Balanced Budget Rule) ; 5. A fiscal policy advisory board -- pt. 2, 6. Recent empirical studies relevant to countercyclical fiscal policy ; 7. The tax rebate in the 1975 recession ; 8. The tax rebate in the 2001 recession ; 9. Early studies of automatic fiscal policy -- pt. 3, 10. Early challenges to countercyclical fiscal policy ; 11. The new classical counterrevolution : a false path for macroeconomics ; 12. Fiscal policy and the ending of the Great Depression. 330 $aDrawing on the most prominent research in the field, this timely book offers bold new fiscal policies that can complement current automatic stabilizers and counter-cyclical monetary policy to help combat recessions. Dr. Seidman argues for an independent fiscal policy board or the Federal Reserve to decide changes in the magnitude of Congress's fiscal policy package of stimulus or restraint, with recommendations going into effect immediately, subject only to Congressional override. 606 $aTaxation$zUnited States 606 $aIncome tax$zUnited States 606 $aFiscal policy$zUnited States 615 0$aTaxation 615 0$aIncome tax 615 0$aFiscal policy 676 $a339.5/2/0973 700 $aSeidman$b Laurence S.$0145539 801 0$bMiAaPQ 801 1$bMiAaPQ 801 2$bMiAaPQ 906 $aBOOK 912 $a9910797183703321 996 $aAutomatic fiscal policies to combat recessions$93695069 997 $aUNINA